| 000 | 01142nam a22002657a 4500 | ||
|---|---|---|---|
| 005 | 20100910150449.0 | ||
| 008 | 100910t xxu||||| |||| 00| 0 hin d | ||
| 010 | _aHIN-90466 | ||
| 020 |
_c65.00 _a9788123757797 |
||
| 035 | _aHN-62812 | ||
| 037 | _bDBAD / PUB | ||
| 040 | b |
_aDPL _bHN |
|
| 082 | _a973.31 | ||
| 100 |
_919362 _aप्रमोद कुमार |
||
| 245 |
_a1789 : फ्रांस की क्रांति / _cप्रमोद कुमार |
||
| 246 |
_a1789: France ki kranti _bby Parmod Kumar |
||
| 260 |
_aनई दिल्ली _bनेशनल बुक ट्रस्ट _c2010 |
||
| 270 |
_bनई दिल्ली _a5, इंडस्ट्रियल एरिया, फेज-11वसंत कुंज _e110070 |
||
| 300 |
_a174पृ. _c22सेमी (अजिल्द) |
||
| 650 | _91169 | ||
| 700 | _919359 | ||
| 700 | _919788 | ||
| 942 |
_2ddc _cHN _mप्रमोद _h973.31 |
||
| 999 |
_c45647 _d45647 |
||